INDUSTRIAL MAINTENANCE REFERENCE GUIDE (Record no. 567384)
[ view plain ]
| 000 -LEADER | |
|---|---|
| fixed length control field | 00405nam a22001217a 4500 |
| 020 ## - INTERNATIONAL STANDARD BOOK NUMBER | |
| International Standard Book Number | 0-07-052162-X |
| 082 ## - DEWEY DECIMAL CLASSIFICATION NUMBER | |
| Classification number | 658.20 IND'R |
| 100 ## - MAIN ENTRY--PERSONAL NAME | |
| Personal name | RICE, JAMES O ,ROSALER, ROBERT C |
| 9 (RLIN) | 57079 |
| 245 ## - TITLE STATEMENT | |
| Title | INDUSTRIAL MAINTENANCE REFERENCE GUIDE |
| 260 ## - PUBLICATION, DISTRIBUTION, ETC. | |
| Place of publication, distribution, etc. | NEWYORK |
| Name of publisher, distributor, etc. | MCGRAW HILL |
| Date of publication, distribution, etc. | 1987 |
| 650 ## - SUBJECT ADDED ENTRY--TOPICAL TERM | |
| Topical term or geographic name entry element | INDUSTRIAL EQUIPMENT MAINTENANCE AND REPAIR HANDBOOK MANUAL PLANT MAINTENANCE HARBOOK MANUAL |
| 9 (RLIN) | 57080 |
| 942 ## - ADDED ENTRY ELEMENTS (KOHA) | |
| Koha item type | Book |
| Withdrawn status | Lost status | Damaged status | Not for loan | Permanent Location | Current Location | Shelving location | Date acquired | Total Checkouts | Full call number | Barcode | Date last seen | Price effective from | Koha item type |
|---|---|---|---|---|---|---|---|---|---|---|---|---|---|
| College of Electrical & Mechanical Engineering (CEME) | College of Electrical & Mechanical Engineering (CEME) | General Stacks | 07/12/2017 | 658.20 IND'R | CEME-24775 | 06/28/2021 | 06/28/2021 | Book |
